Регионална библиотека "Любен Каравелов" - Русе

FUHRER durch das Rautenstrauch-Joest-Museum der Stadt Koln (Запис номер 343510)

MARC детайли
000 -Лидер
Контролно поле с фиксирана дължина 00889nam a2200277 c 4500
003 - Код на организацията, давaща контролен номер
Контролно поле BLK
005 - Дата и час на последна редакция
Контролно поле 20190913121241.0
008 - Елементи от данни с фиксирана дължина
fixed length control field 180911b bul|||||r ||||||| ||bul||
010 ## - Наследен системен номер
LC control number 003171
040 ## - Източник на каталожния запис
Идентификатор на билиотеката - собственик на записа BLK
041 ## - Код за език
Код за езика на текст/звукозапис или на отделно заглавие Немски
080 ## - УДК
УДК - код + определител 39:069(430)069(430)
100 1# - Редна дума - Автор
Автор
Авторска отговорност първи автор
245 10 - Сведения за заглавието
Заглавие FUHRER durch das Rautenstrauch-Joest-Museum der Stadt Koln
246 ## - Различни форми на заглавието
Паралелно заглавие Museum fur Volkerkunde
Подзаглавни данни FUHRER durch das Rautenstrauch-Joest-Museum der Stadt Koln
250 ## - Област на изданието
Сведения за изданието 4. Aufl
260 ## - Област на издателските данни
Място на издаване, разпространение и проч. Koln
Година на издаване 1927
300 ## - Физическа характеристика
Страници 4, 245 с
Илюстрации и др. с ил.
Размери/Мащаб 18 см
380 ## - Жанр
Жанр Естествени науки. Математика
490 ## - СЕРИИ (Колекции)
Име на серия Частна колекция - Академик Михаил Арнаудов
Бележки за серията Дарение - Основен фонд
655 ## - Ключова дума – жанр/разновидност
Данни за жанр/разновидност или ключова дума за фокус Етнология
700 1# - Други автори (авторска отговорност)
Лично име Unter Mitw. von Julius Lips
700 1# - Други автори (авторска отговорност)
Лично име Hrsg. F. Graebner
852 ## - Местоположение
Форматна сигнатура МА 1514
942 ## - АРТИКУЛИ
Вид на библиотечния материал Книги
Скрит в OPAC Не
944 ## - СЪЗДАВАНЕ И РЕДАКЦИЯ на ЗАПИСА
Създаване/Редакция Създаване
Дата на регистрацията/редакция 1996
Служител, извършил регистрацията/редакцията ValK
999 ## - СИСТЕМНИ КОНТРОЛНИ НОМЕРА
Koha biblionumber 343510
Koha biblioitemnumber 343510
Наличности
Код за отписване Код за изгубен артикул Източник на класификационната схема Код за повреда Коз за рестрикции Код за отдаване Артикулен № Име на библиотеката - собственик Име на библиотеката, в която се намира в момента Статус (Текущо местоположение) Дата на вписване в системата Местоположение - отдел Цена в лева Номерация (Хронология) Инвентарен номер Систематично азбучна сигнатура Баркод Номер на екземпляра Цена в евро Служебен тип на артикула
  Не е изгубен Universal Decimal Classification Не е повреден без рестрикции Специални фондове ( старопечатни, редки и ценни, фонд М. Арнаудов) 743706 Регионална библиотека "Любен Каравелов" Русе Регионална библиотека "Любен Каравелов" Русе Фонд "Михаил Арнаудов" 2025-02-06 Фонд "Михаил Арнаудов" 20.00   587606 МА 1514 120000587606 1 10.23 Книги
Vip Innovations Ltd, Rousse, Bulgaria 2025